000 00450cam a2200181ua 4500
001 3460
008 111116n ii |||gr||||Z||||||asm
040 _cMAIN
082 _a920
100 _aSarma, Adyanath,
245 1 1 _aBharat maneesha
_cby Adyanath Sarma
250 _a2nd.
260 _aGuwahati:
_bPublication board assam,982.
300 _a303p:
_c23cm.
653 _aAutobiography
653 _aAutobiography of Bharat maneesha
942 _cBK
999 _c3303
_d3303